|
|
|
|
| LEADER |
00000naa a2200000 i 4500 |
| 001 |
publ519 |
| 005 |
20151110113518.0 |
| 008 |
151110s2006 hu o 000 zxx d |
| 040 |
|
|
|a BGE Publikációtár Repozitórium
|b hun
|
| 100 |
1 |
|
|a Gubán Ákos
|
| 245 |
1 |
0 |
|a Sztochasztikus igényt kielégítő inhomogén kiszolgálási csatornák működésének optimalizálása
|c Gubán Ákos
|h [elektronikus dokumentum]
|
| 260 |
|
|
|a Budapesti Gazdasági Főiskola
|b Budapest
|c 2006
|
| 300 |
|
|
|a 162-171
|
| 490 |
0 |
|
|a Tudományos évkönyv 2005: A prioritások és a konvergencia kölcsönhatása a magyar gazdaságban
|
| 650 |
|
4 |
|a matematika- és számítástudományok
|
| 695 |
|
|
|a Kiszolgálás
|
| 695 |
|
|
|a Sztochasztikus igény
|
| 856 |
4 |
0 |
|u https://publikaciotar.uni-bge.hu/id/eprint/519/1/Dr.%20Gub%C3%A1n%20%C3%81kos%20-%20Sztochasztikus%20ig%C3%A9nyt%20kiel%C3%A9g%C3%ADt%C4%B1%20inhomog%C3%A9n.pdf
|z Dokumentum-elérés
|